[Event "Montcalm II 2008-09"]
[Site "Quebec CAN"]
[Date "2008.10.16"]
[Round "2"]
[White "Bourassa, Andre"]
[Black "Cummins, Paul"]
[Result "1-0"]
[WhiteElo "1759"]
[BlackElo "1765"]
[PlyCount "79"]
[GameId "2160767910311290"]
[EventDate "2008.10.09"]
[EventType "swiss"]
[EventRounds "5"]
[EventCountry "CAN"]

1. d4 Nf6 2. c4 e6 3. Nc3 Bb4 4. Qc2 O-O 5. e4 d5 6. cxd5 exd5 7. e5 Ne4 8. Bd3 f5 9. Nf3 Be7 10. O-O Ng5 11. Nxg5 Bxg5 12. Bxg5 Qxg5 13. Nxd5 Nc6 14. f4 Qd8 15. Qc5 Be6 16. Bc4 Re8 17. Rad1 Kh8 18. Ne3 Bxc4 19. Qxc4 Rf8 20. d5 Ne7 21. Rf3 Ng6 22. Qd3 Qd7 23. e6 Qa4 24. Qc4 Qa5 25. a3 Rad8 26. Qd3 Ne7 27. Rg3 Rg8 28. b4 Qa4 29. Rc1 Nxd5 30. Nxd5 c6 31. Qc3 Rxd5 32. e7 c5 33. Re1 Qe8 34. bxc5 Rd7 35. Rge3 Rc7 36. Qd4 Rc8 37. Qd5 g6 38. Re6 Rg7 39. Qxb7 Rxc5 40. Rd6 1-0

[Event "Montcalm II 2008-09"]
[Site "Quebec CAN"]
[Date "2008.10.16"]
[Round "2"]
[White "Cournoyer, Dominic"]
[Black "Rainfray, Arnaud"]
[Result "0-1"]
[WhiteElo "1942"]
[BlackElo "2397"]
[PlyCount "64"]
[GameId "2160767910311291"]
[EventDate "2008.10.09"]
[EventType "swiss"]
[EventRounds "5"]
[EventCountry "CAN"]
[SourceTitle "EXT 2011"]
[Source "ChessBase"]
[SourceDate "2011.11.26"]
[SourceVersion "1"]
[SourceVersionDate "2011.11.26"]
[SourceQuality "1"]

1. f4 Nh6 2. Nf3 g6 3. e3 Bg7 4. Be2 c5 5. Nc3 O-O 6. O-O Nc6 7. b3 d5 8. Rb1 b6 9. Bb2 Bb7 10. Na4 d4 11. exd4 Nxd4 12. Nxd4 cxd4 13. Bf3 Bxf3 14. Qxf3 Rc8 15. c4 Qd6 16. Rbc1 Rc7 17. Rfe1 Rfc8 18. c5 bxc5 19. Rc4 Nf5 20. Rec1 e5 21. fxe5 Qxe5 22. Ba3 Bh6 23. Qf2 Ne3 24. Rxc5 Rxc5 25. Nxc5 Ng4 26. Qg3 Qxg3 27. hxg3 Bxd2 28. Rd1 Be3+ 29. Kf1 Rc6 30. Nd3 Rc2 31. Bc5 Nh2+ 32. Ke1 Rxa2 0-1

[Event "Montcalm II 2008-09"]
[Site "Quebec CAN"]
[Date "2008.10.16"]
[Round "2"]
[White "Drolet, Stephane"]
[Black "Lessard, Claude"]
[Result "1-0"]
[WhiteElo "2129"]
[BlackElo "2111"]
[PlyCount "49"]
[GameId "2160767910311292"]
[EventDate "2008.10.09"]
[EventType "swiss"]
[EventRounds "5"]
[EventCountry "CAN"]
[SourceTitle "EXT 2011"]
[Source "ChessBase"]
[SourceDate "2011.11.26"]
[SourceVersion "1"]
[SourceVersionDate "2011.11.26"]
[SourceQuality "1"]

1. d4 Nf6 2. Nf3 g6 3. Bg5 Ne4 4. Bf4 c5 5. Nbd2 Nxd2 6. Qxd2 Bg7 7. Bh6 O-O 8. h4 Qb6 9. O-O-O Nc6 10. h5 Qa5 11. c3 Qxa2 12. Bxg7 Qa1+ 13. Kc2 Qa4+ 14. Kb1 d5 15. e4 Kxg7 16. hxg6 fxg6 17. Qh6+ Kf7 18. Qxh7+ Ke8 19. Qxg6+ Kd8 20. Bd3 dxe4 21. Bxe4 c4 22. Qg7 Rf6 23. Bc2 Qb5 24. d5 Kc7 25. dxc6 1-0

[Event "Montcalm II 2008-09"]
[Site "Quebec CAN"]
[Date "2008.10.16"]
[Round "2"]
[White "Perron, Jonathan"]
[Black "Chiffot, Nicolas"]
[Result "1-0"]
[WhiteElo "1896"]
[BlackElo "1814"]
[PlyCount "93"]
[GameId "2160767910311293"]
[EventDate "2008.10.09"]
[EventType "swiss"]
[EventRounds "5"]
[EventCountry "CAN"]
[SourceTitle "EXT 2011"]
[Source "ChessBase"]
[SourceDate "2011.11.26"]
[SourceVersion "1"]
[SourceVersionDate "2011.11.26"]
[SourceQuality "1"]

1. e4 e5 2. Nf3 Nc6 3. Bb5 a6 4. Ba4 Nf6 5. O-O b5 6. Bb3 Nxe4 7. d4 d5 8. dxe5 Be6 9. Nbd2 Bc5 10. c3 O-O 11. Bc2 Nxf2 12. Rxf2 f6 13. exf6 Bxf2+ 14. Kxf2 Qxf6 15. Nb3 Ne5 16. Nbd4 Bg4 17. Kg1 c5 18. Bg5 Nxf3+ 19. Nxf3 Bxf3 20. Qd2 Qe6 21. gxf3 Rxf3 22. Re1 Qg4+ 23. Kh1 Raf8 24. Qxd5+ Kh8 25. Rg1 Rf1 26. Be3 Qe2 27. Rxf1 Qxf1+ 28. Bg1 Qe2 29. Qe4 Qxe4+ 30. Bxe4 Re8 31. Bb7 a5 32. Ba6 Re2 33. Bxb5 Rxb2 34. a4 h5 35. Bxc5 Kh7 36. c4 Kg6 37. Bd4 Rd2 38. Bc3 Rc2 39. Bxa5 Kf5 40. Bb6 h4 41. a5 Kg4 42. a6 h3 43. a7 Rc1+ 44. Bg1 Ra1 45. Bd7+ Kf4 46. Bxh3 g5 47. Bg2 1-0

[Event "Montcalm II 2008-09"]
[Site "Quebec CAN"]
[Date "2008.10.16"]
[Round "2"]
[White "Sauve, Richard"]
[Black "Auger, Bertrand"]
[Result "1-0"]
[WhiteElo "1960"]
[BlackElo "1987"]
[PlyCount "109"]
[GameId "2160767910311294"]
[EventDate "2008.10.09"]
[EventType "swiss"]
[EventRounds "5"]
[EventCountry "CAN"]
[SourceTitle "EXT 2011"]
[Source "ChessBase"]
[SourceDate "2011.11.26"]
[SourceVersion "1"]
[SourceVersionDate "2011.11.26"]
[SourceQuality "1"]

1. d4 d5 2. c4 e6 3. Nc3 Bb4 4. Nf3 Nf6 5. e3 O-O 6. Bd3 Nbd7 7. O-O c5 8. a3 cxd4 9. axb4 dxc3 10. bxc3 dxc4 11. Bxc4 Qc7 12. Qb3 Nb6 13. Be2 e5 14. Bb2 Be6 15. Qc2 Bc4 16. Rfd1 a6 17. Ra5 Nfd7 18. Ng5 g6 19. Ne4 Be6 20. Nc5 Nxc5 21. Rxc5 Qb8 22. c4 Nd7 23. Rxd7 Bxd7 24. Bxe5 Qd8 25. Bf3 Bf5 26. e4 Be6 27. Qc3 f6 28. Bc7 Qd7 29. Bf4 Rac8 30. Rxc8 Qxc8 31. c5 Kf7 32. Bd6 Re8 33. e5 Bg4 34. Qc4+ Be6 35. Qh4 Kg8 36. Qxf6 Bf7 37. h4 Qd7 38. Qg5 Be6 39. h5 Qf7 40. hxg6 hxg6 41. Bxb7 Bf5 42. Bxa6 Qa2 43. Bb7 Qb1+ 44. Kh2 Be4 45. Bxe4 Qxe4 46. b5 Kg7 47. Qf6+ Kh6 48. Bf8+ Kh5 49. Qh8+ Kg5 50. Bh6+ Kh5 51. Qxe8 Kxh6 52. Qh8+ Kg5 53. Qf6+ Kh6 54. c6 Qe2 55. Qh4+ 1-0

[Event "Montcalm II 2008-09"]
[Site "Quebec CAN"]
[Date "2008.10.23"]
[Round "3"]
[White "Auger, Bertrand"]
[Black "Cournoyer, Dominic"]
[Result "1/2-1/2"]
[WhiteElo "1987"]
[BlackElo "1942"]
[PlyCount "75"]
[GameId "2160767910311295"]
[EventDate "2008.10.09"]
[EventType "swiss"]
[EventRounds "5"]
[EventCountry "CAN"]
[SourceTitle "EXT 2011"]
[Source "ChessBase"]
[SourceDate "2011.11.26"]
[SourceVersion "1"]
[SourceVersionDate "2011.11.26"]
[SourceQuality "1"]

1. Nf3 f5 2. b4 Nf6 3. Bb2 e6 4. b5 a6 5. a4 axb5 6. axb5 Rxa1 7. Bxa1 Be7 8. g3 O-O 9. Bg2 d5 10. O-O Nbd7 11. d3 Nb6 12. Nbd2 Bd7 13. c4 c6 14. Qb3 cxb5 15. cxd5 Nbxd5 16. e4 fxe4 17. dxe4 Nb4 18. Nd4 Qc8 19. Nf5 Qe8 20. Nxe7+ Qxe7 21. Bb2 Na6 22. Rc1 Bc6 23. e5 Nd5 24. Ne4 Qb4 25. Qa2 Qa4 26. Qb1 Qb3 27. Ng5 g6 28. Nxe6 Rxf2 29. Kxf2 Qe3+ 30. Kf1 Qd2 31. Bxd5 Qxd5 32. Rxc6 bxc6 33. Qa1 Qf3+ 34. Ke1 Qe3+ 35. Kd1 Qd3+ 36. Kc1 Qe3+ 37. Kd1 Qd3+ 38. Kc1 1/2-1/2

[Event "Montcalm II 2008-09"]
[Site "Quebec CAN"]
[Date "2008.10.23"]
[Round "3"]
[White "Chiffot, Nicolas"]
[Black "Bourassa, Andre"]
[Result "0-1"]
[WhiteElo "1864"]
[BlackElo "1759"]
[PlyCount "102"]
[GameId "2160767910311296"]
[EventDate "2008.10.09"]
[EventType "swiss"]
[EventRounds "5"]
[EventCountry "CAN"]

1. d4 d5 2. c4 e6 3. Nc3 Nf6 4. cxd5 exd5 5. Bg5 Be7 6. e3 c6 7. Qc2 h6 8. Bh4 Be6 9. Bd3 Nbd7 10. Nge2 g5 11. Bg3 Nh5 12. Be5 Nxe5 13. dxe5 Qc7 14. f4 gxf4 15. exf4 d4 16. f5 Bxa2 17. Rxa2 Qxe5 18. Ne4 Bb4+ 19. Kd1 a5 20. g4 Nf4 21. Nxf4 Qxf4 22. Qe2 O-O-O 23. Rf1 Qc7 24. Kc2 Rhe8 25. Kb1 Re5 26. Qc2 Rde8 27. Ra4 Kb8 28. Rc1 Qe7 29. Qg2 Rxe4 30. Bxe4 Qxe4+ 31. Qxe4 Rxe4 32. h3 Kc7 33. Ra1 Kd6 34. Rg1 Kd5 35. Kc1 d3 36. Kd1 f6 37. b3 d2 38. Kc2 Kd4 39. Rg3 Re1 40. Rd1 Rxd1 41. Kxd1 b5 42. Kc2 c5 43. Rd3+ Ke4 44. Rd6 c4 45. Re6+ Kf3 46. bxc4 bxc4 47. Rxf6 c3 48. Rb6 Bc5 49. Re6 a4 50. Kd1 a3 51. Ra6 Ke3 0-1

[Event "Montcalm II 2008-09"]
[Site "Quebec CAN"]
[Date "2008.10.23"]
[Round "3"]
[White "Cummins, Paul"]
[Black "Dube, Daniel"]
[Result "0-1"]
[WhiteElo "1765"]
[BlackElo "1699"]
[PlyCount "58"]
[GameId "2160767910311297"]
[EventDate "2008.10.09"]
[EventType "swiss"]
[EventRounds "5"]
[EventCountry "CAN"]
[SourceTitle "EXT 2011"]
[Source "ChessBase"]
[SourceDate "2011.11.26"]
[SourceVersion "1"]
[SourceVersionDate "2011.11.26"]
[SourceQuality "1"]

1. d4 f5 2. Qd3 d5 3. g4 fxg4 4. h3 Nf6 5. Bg5 Ne4 6. Bf4 c5 7. dxc5 e5 8. Bxe5 Bxc5 9. Nc3 Bxf2+ 10. Kd1 Nc6 11. Nxd5 Nxe5 12. Qxe4 Be6 13. Bg2 Qxd5+ 14. Qxd5 Bxd5 15. Bxd5 O-O-O 16. e4 g3 17. Ke2 Rhf8 18. h4 Bxg1 19. Rhxg1 Rf2+ 20. Ke3 Ng4+ 21. Kd4 g2 22. Kc3 Ne3 23. Be6+ Kb8 24. Bh3 Rxc2+ 25. Kb4 Rd4+ 26. Kb3 Rd3+ 27. Ka4 Rxb2 28. Rgc1 Nc2 29. Rxc2 b5+ 0-1

[Event "Montcalm II 2008-09"]
[Site "Quebec CAN"]
[Date "2008.10.23"]
[Round "3"]
[White "Lessard, Claude"]
[Black "Sauve, Richard"]
[Result "1-0"]
[WhiteElo "2111"]
[BlackElo "1960"]
[PlyCount "77"]
[GameId "2160767910311298"]
[EventDate "2008.10.09"]
[EventType "swiss"]
[EventRounds "5"]
[EventCountry "CAN"]
[SourceTitle "EXT 2011"]
[Source "ChessBase"]
[SourceDate "2011.11.26"]
[SourceVersion "1"]
[SourceVersionDate "2011.11.26"]
[SourceQuality "1"]

1. d4 d5 2. c4 e6 3. Nf3 c6 4. Qc2 Nf6 5. Bg5 h6 6. Bxf6 Qxf6 7. e3 Nd7 8. cxd5 exd5 9. Nbd2 Bd6 10. Bd3 O-O 11. O-O Qe7 12. Rfe1 Nf6 13. e4 dxe4 14. Nxe4 Nxe4 15. Bxe4 Qf6 16. Qb3 Bg4 17. Ne5 Bxe5 18. dxe5 Qe7 19. h3 Be6 20. Qe3 Rfd8 21. f4 Qd7 22. Rad1 Qxd1 23. Rxd1 Rxd1+ 24. Kh2 Bxa2 25. Bc2 Rd5 26. Qe4 g6 27. f5 Re8 28. fxg6 Rexe5 29. gxf7+ Kxf7 30. Qh7+ Ke6 31. Qxb7 Ra5 32. Qb8 Kd7 33. b4 Rad5 34. Qxa7+ Kd6 35. Qxa2 Re2 36. Qb3 Rdd2 37. Qg3+ Ke7 38. Qh4+ Kd7 39. Be4 1-0

[Event "Montcalm II 2008-09"]
[Site "Quebec CAN"]
[Date "2008.10.23"]
[Round "3"]
[White "Rainfray, Arnaud"]
[Black "Drolet, Stephane"]
[Result "1-0"]
[WhiteElo "2397"]
[BlackElo "2129"]
[PlyCount "83"]
[GameId "2160767910311299"]
[EventDate "2008.10.09"]
[EventType "swiss"]
[EventRounds "5"]
[EventCountry "CAN"]
[SourceTitle "EXT 2011"]
[Source "ChessBase"]
[SourceDate "2011.11.26"]
[SourceVersion "1"]
[SourceVersionDate "2011.11.26"]
[SourceQuality "1"]

1. e4 e6 2. Nf3 d5 3. e5 Ne7 4. d4 c5 5. c3 Nbc6 6. a3 Nf5 7. b4 cxd4 8. cxd4 Qb6 9. Bb2 Bd7 10. Be2 Rc8 11. O-O a6 12. Qd2 h5 13. Bd3 g6 14. Bxf5 gxf5 15. Nc3 Bh6 16. Qd3 Ne7 17. Bc1 Bxc1 18. Raxc1 Rc4 19. Qe3 Ng6 20. Nd2 Rc8 21. Nb3 f4 22. Qf3 Rc4 23. Ne2 Rg8 24. Nxf4 Nh4 25. Qxh5 Nf5 26. Nc5 Bc8 27. Ne4 dxe4 28. Rxc4 Bd7 29. Rfc1 Bc6 30. d5 e3 31. dxc6 exf2+ 32. Kh1 Qe3 33. Ne2 bxc6 34. Rxc6 Ne7 35. R6c3 Qd2 36. Rf1 Nf5 37. Rc8+ Ke7 38. Rxg8 Qe1 39. Qg5+ Kd7 40. Qd8+ Kc6 41. Qc8+ Kb5 42. Nc3+ 1-0

[Event "Montcalm II 2008-09"]
[Site "Quebec CAN"]
[Date "2008.10.30"]
[Round "4"]
[White "Cournoyer, Dominic"]
[Black "Lessard, Claude"]
[Result "1/2-1/2"]
[WhiteElo "1942"]
[BlackElo "2111"]
[PlyCount "99"]
[GameId "2160767910311300"]
[EventDate "2008.10.09"]
[EventType "swiss"]
[EventRounds "5"]
[EventCountry "CAN"]
[SourceTitle "EXT 2011"]
[Source "ChessBase"]
[SourceDate "2011.11.26"]
[SourceVersion "1"]
[SourceVersionDate "2011.11.26"]
[SourceQuality "1"]

1. c4 e5 2. Nc3 Nf6 3. Nf3 Nc6 4. g3 Bc5 5. Na4 Be7 6. Bg2 d6 7. O-O Be6 8. d3 Qd7 9. Re1 h6 10. Nc3 O-O 11. Rb1 Bf5 12. b4 Rae8 13. b5 Nd8 14. Qa4 e4 15. Nh4 exd3 16. Nxf5 Qxf5 17. exd3 Ng4 18. Qc2 Bf6 19. Ne4 Bd4 20. Bb2 Rxe4 21. Rxe4 Bxf2+ 22. Kh1 Bb6 23. Bd4 Bxd4 24. Rxd4 Ne6 25. Rd5 Qg6 26. Be4 f5 27. Bf3 Ne3 28. Qe2 f4 29. gxf4 Nxd5 30. Bxd5 Rf6 31. Re1 Kf7 32. Bf3 Kg8 33. Bd5 Kf7 34. Be4 Rf5 35. Bxf5 Qxf5 36. d4 g6 37. d5 Ng7 38. Qe7+ Kg8 39. Qd8+ Kh7 40. Qh4 Qd3 41. f5 Qxf5 42. Qe4 Qf6 43. Kg1 h5 44. Rf1 Nf5 45. Qe6 Qd4+ 46. Kh1 Qd3 47. Qf7+ Kh6 48. Qf8+ Kh7 49. Qf7+ Kh6 50. Qf8+ 1/2-1/2

[Event "Montcalm II 2008-09"]
[Site "Quebec CAN"]
[Date "2008.10.30"]
[Round "4"]
[White "Drolet, Stephane"]
[Black "Sauve, Richard"]
[Result "1-0"]
[WhiteElo "2129"]
[BlackElo "1960"]
[PlyCount "65"]
[GameId "2160767910311301"]
[EventDate "2008.10.09"]
[EventType "swiss"]
[EventRounds "5"]
[EventCountry "CAN"]
[SourceTitle "EXT 2011"]
[Source "ChessBase"]
[SourceDate "2011.11.26"]
[SourceVersion "1"]
[SourceVersionDate "2011.11.26"]
[SourceQuality "1"]

1. Nf3 d5 2. g3 e6 3. Bg2 Nf6 4. O-O c5 5. d3 Nc6 6. Nbd2 Be7 7. e4 Qc7 8. b3 b6 9. Bb2 Bb7 10. exd5 exd5 11. d4 O-O 12. Re1 Rfe8 13. Nf1 Nxd4 14. Nxd4 cxd4 15. Bxd4 Rac8 16. Ne3 Ne4 17. Nf5 Bf8 18. Qg4 g6 19. Ne3 Bc5 20. Bxc5 Qxc5 21. Qf4 Qd6 22. Qxd6 Nxd6 23. Rad1 b5 24. Bxd5 a6 25. Bg2 Bxg2 26. Kxg2 Ne4 27. Nd5 Kg7 28. Re2 Nf6 29. Rxe8 Rxe8 30. Nxf6 Kxf6 31. Rd6+ Re6 32. Rxe6+ Kxe6 33. Kf3 1-0

[Event "Montcalm II 2008-09"]
[Site "Quebec CAN"]
[Date "2008.10.30"]
[Round "4"]
[White "Perron, Jonathan"]
[Black "Bourassa, Andre"]
[Result "1-0"]
[WhiteElo "1896"]
[BlackElo "1759"]
[PlyCount "53"]
[GameId "2160767910311302"]
[EventDate "2008.10.09"]
[EventType "swiss"]
[EventRounds "5"]
[EventCountry "CAN"]
[SourceTitle "EXT 2011"]
[Source "ChessBase"]
[SourceDate "2011.11.26"]
[SourceVersion "1"]
[SourceVersionDate "2011.11.26"]
[SourceQuality "1"]

1. e4 c5 2. Nf3 d6 3. Bb5+ Nc6 4. O-O e5 5. c3 a6 6. Bxc6+ bxc6 7. d4 cxd4 8. cxd4 f6 9. Qb3 Qc7 10. Be3 Qb7 11. Qc2 Be6 12. Nbd2 Nh6 13. dxe5 dxe5 14. Bc5 Nf7 15. Rac1 Nd8 16. b4 Be7 17. Nc4 Bxc5 18. bxc5 Bxc4 19. Qxc4 Ke7 20. Rfd1 Ne6 21. Rb1 Qc7 22. Rd6 Nd8 23. Rbd1 Re8 24. Nh4 g6 25. Qd3 Ra7 26. Qh3 Qc8 27. Qxc8 1-0

[Event "Montcalm II 2008-09"]
[Site "Quebec CAN"]
[Date "2008.10.30"]
[Round "4"]
[White "Rainfray, Arnaud"]
[Black "Auger, Bertrand"]
[Result "1/2-1/2"]
[WhiteElo "2397"]
[BlackElo "1987"]
[PlyCount "84"]
[GameId "2160767910311303"]
[EventDate "2008.10.09"]
[EventType "swiss"]
[EventRounds "5"]
[EventCountry "CAN"]
[SourceTitle "EXT 2011"]
[Source "ChessBase"]
[SourceDate "2011.11.26"]
[SourceVersion "1"]
[SourceVersionDate "2011.11.26"]
[SourceQuality "1"]

1. e4 e6 2. d4 d5 3. Nc3 dxe4 4. Nxe4 Bd7 5. Nf3 Bc6 6. Bd3 Nd7 7. O-O Ngf6 8. Neg5 Bd6 9. Re1 h6 10. Nh3 Bxf3 11. Qxf3 c6 12. Nf4 Qa5 13. Re2 O-O 14. c4 Rfe8 15. Bd2 Bb4 16. Bxb4 Qxb4 17. a3 Qd6 18. Rd1 Rad8 19. c5 Qb8 20. b4 e5 21. dxe5 Nxe5 22. Qg3 Nxd3 23. Rxe8+ Rxe8 24. Nxd3 Qxg3 25. hxg3 Re2 26. Re1 Rd2 27. Ne5 Ra2 28. Re3 Nd5 29. Re4 f5 30. Rd4 Re2 31. Nc4 Re1+ 32. Kh2 Re2 33. f3 g6 34. g4 f4 35. Nd6 g5 36. Nxb7 Ne3 37. Rd8+ Kg7 38. Nd6 Rxg2+ 39. Kh1 Rf2 40. b5 Rf1+ 41. Kh2 Rf2+ 42. Kg1 Rf1+ 1/2-1/2

[Event "Montcalm II 2008-09"]
[Site "Quebec CAN"]
[Date "2008.11.06"]
[Round "5"]
[White "Auger, Bertrand"]
[Black "Drolet, Stephane"]
[Result "1/2-1/2"]
[WhiteElo "1987"]
[BlackElo "2129"]
[PlyCount "52"]
[GameId "2160767910311304"]
[EventDate "2008.10.09"]
[EventType "swiss"]
[EventRounds "5"]
[EventCountry "CAN"]
[SourceTitle "EXT 2011"]
[Source "ChessBase"]
[SourceDate "2011.11.26"]
[SourceVersion "1"]
[SourceVersionDate "2011.11.26"]
[SourceQuality "1"]

1. Nf3 g6 2. g3 Bg7 3. d4 c5 4. Bg2 Nc6 5. d5 Ne5 6. Nxe5 Bxe5 7. O-O d6 8. c4 Bg7 9. Nc3 Nf6 10. h3 O-O 11. e4 Rb8 12. f4 a6 13. Qe2 b5 14. e5 Ne8 15. b3 bxc4 16. bxc4 Qa5 17. Rb1 Rxb1 18. Nxb1 Bf5 19. Bb2 Qxa2 20. Nc3 Bd3 21. Qxd3 Qxb2 22. Rb1 Qa3 23. Qe3 dxe5 24. fxe5 Bh6 25. Qe1 Ng7 26. g4 f5 1/2-1/2

[Event "Montcalm II 2008-09"]
[Site "Quebec CAN"]
[Date "2008.11.06"]
[Round "5"]
[White "Bourassa, Andre"]
[Black "Dube, Daniel"]
[Result "1-0"]
[WhiteElo "1759"]
[BlackElo "1657"]
[PlyCount "77"]
[GameId "2160767910311305"]
[EventDate "2008.10.09"]
[EventType "swiss"]
[EventRounds "5"]
[EventCountry "CAN"]

1. d4 d5 2. c4 c6 3. Bf4 Nf6 4. e3 e6 5. Bd3 Nbd7 6. Nc3 dxc4 7. Bxc4 b5 8. Bd3 Bb7 9. f3 Nh5 10. Bg3 Nxg3 11. hxg3 Qg5 12. Kf2 h6 13. Nge2 a6 14. Ne4 Qd8 15. Qb3 c5 16. Nf4 cxd4 17. Nxe6 dxe3+ 18. Ke2 Qb6 19. Nxf8 Nxf8 20. a4 Ne6 21. Qb4 Nd4+ 22. Ke1 O-O-O 23. axb5 Nxf3+ 24. gxf3 Rxd3 25. Qc4+ Qc7 26. Qxd3 Bxe4 27. Qxe4 Qxg3+ 28. Kd1 Rd8+ 29. Kc2 Rd2+ 30. Kb3 Qf2 31. Rac1+ Kd8 32. Qh4+ Qxh4 33. Rxh4 axb5 34. Re1 Rd6 35. Rxe3 g5 36. Rh2 f5 37. Rc3 g4 38. fxg4 fxg4 39. Rg3 1-0

[Event "Montcalm II 2008-09"]
[Site "Quebec CAN"]
[Date "2008.11.06"]
[Round "5"]
[White "Cummins, Paul"]
[Black "Perron, Jonathan"]
[Result "0-1"]
[WhiteElo "1765"]
[BlackElo "1896"]
[PlyCount "124"]
[GameId "2160767910311306"]
[EventDate "2008.10.09"]
[EventType "swiss"]
[EventRounds "5"]
[EventCountry "CAN"]
[SourceTitle "EXT 2011"]
[Source "ChessBase"]
[SourceDate "2011.11.26"]
[SourceVersion "1"]
[SourceVersionDate "2011.11.26"]
[SourceQuality "1"]

1. e4 c5 2. Nf3 e6 3. d3 Nc6 4. g3 d5 5. Nc3 Nf6 6. exd5 Nxd5 7. Ne2 e5 8. Bg2 Be7 9. O-O O-O 10. h3 Be6 11. g4 f5 12. gxf5 Bxf5 13. Ng3 Be6 14. a3 Nf4 15. Bxf4 Rxf4 16. Qd2 Qf8 17. Nh2 Nd4 18. Ne2 Rh4 19. Nxd4 exd4 20. Qe2 Bd7 21. Nf3 Rh6 22. Ne5 Bxh3 23. Bxh3 Rxh3 24. Ng6 Qf6 25. Nxe7+ Kf8 26. Qg4 Rh4 27. Qf5 Kxe7 28. Rae1+ Kf7 29. Qxf6+ gxf6 30. Kg2 Rg8+ 31. Kf3 Rh3+ 32. Kf4 Rg5 33. Rh1 Rxh1 34. Rxh1 h5 35. Rh4 Kg6 36. Kf3 Re5 37. Rh1 Rf5+ 38. Ke2 Rf4 39. b4 cxb4 40. axb4 a6 41. b5 a5 42. b6 Rf5 43. Ra1 Rd5 44. Kf3 Kf5 45. Kg3 Ke5 46. Ra4 Kd6 47. Rc4 Ke6 48. Rc7 Kd6 49. Rxb7 Kc6 50. Rb8 Rd7 51. b7 Rxb7 52. Rf8 Kb5 53. Rxf6 Kb4 54. Ra6 Rb5 55. Rc6 Rc5 56. Rf6 Kc3 57. f4 Kxc2 58. f5 Kxd3 59. Kf4 Kc2 60. Rd6 d3 61. f6 d2 62. f7 Rc8 0-1

[Event "Montcalm II 2008-09"]
[Site "Quebec CAN"]
[Date "2008.11.06"]
[Round "5"]
[White "Lessard, Claude"]
[Black "Rainfray, Arnaud"]
[Result "0-1"]
[WhiteElo "2111"]
[BlackElo "2397"]
[PlyCount "88"]
[GameId "2160767910311307"]
[EventDate "2008.10.09"]
[EventType "swiss"]
[EventRounds "5"]
[EventCountry "CAN"]
[SourceTitle "EXT 2011"]
[Source "ChessBase"]
[SourceDate "2011.11.26"]
[SourceVersion "1"]
[SourceVersionDate "2011.11.26"]
[SourceQuality "1"]

1. e4 c5 2. Nf3 Nc6 3. d4 cxd4 4. Nxd4 Nf6 5. Nc3 e5 6. Ndb5 d6 7. Nd5 Nxd5 8. exd5 Ne7 9. c4 Ng6 10. Qa4 Bd7 11. Qb4 Qb8 12. Be2 Be7 13. O-O O-O 14. g3 Bh3 15. Re1 f5 16. Bh5 f4 17. Bxg6 hxg6 18. Qb3 Qc8 19. gxf4 Bh4 20. Qf3 Bg4 21. Qg2 exf4 22. h3 Bxh3 23. Nxd6 Qd7 24. Qxg6 Rad8 25. c5 Be7 26. Rxe7 Qxe7 27. Bd2 Rf6 28. Qg5 Rdxd6 29. cxd6 Qxd6 30. Kh2 Rf5 31. Qh4 Qxd5 32. Qxh3 Rh5 33. Bxf4 Rxh3+ 34. Kxh3 Qd4 35. Be3 Qxb2 36. Rg1 Qxa2 37. Rg6 a5 38. Rd6 b5 39. Kh4 Qf7 40. Rd8+ Kh7 41. Ra8 a4 42. Kg3 Qg6+ 43. Kh2 a3 44. f4 Qe4 0-1

[Event "Montcalm II 2008-09"]
[Site "Quebec CAN"]
[Date "2008.11.06"]
[Round "5"]
[White "Sauve, Richard"]
[Black "Cournoyer, Dominic"]
[Result "1-0"]
[WhiteElo "1960"]
[BlackElo "1942"]
[PlyCount "53"]
[GameId "2160767910311308"]
[EventDate "2008.10.09"]
[EventType "swiss"]
[EventRounds "5"]
[EventCountry "CAN"]
[SourceTitle "EXT 2011"]
[Source "ChessBase"]
[SourceDate "2011.11.26"]
[SourceVersion "1"]
[SourceVersionDate "2011.11.26"]
[SourceQuality "1"]

1. d4 f5 2. c4 Nf6 3. g3 g6 4. Bg2 Bg7 5. Nf3 O-O 6. O-O d6 7. b3 Qe8 8. Bb2 Nbd7 9. d5 Nc5 10. Nbd2 Bd7 11. Nd4 Rb8 12. Qc2 e5 13. dxe6 Nxe6 14. Nxe6 Bxe6 15. Nf3 c6 16. Rad1 d5 17. Ba3 dxc4 18. bxc4 c5 19. Bxc5 Rf7 20. Ne5 Rc8 21. Nxf7 Qxf7 22. Bxa7 Rxc4 23. Rd8+ Bf8 24. Qd3 Qc7 25. Bb8 Qa5 26. Qd6 Qxd8 27. Qxd8 1-0

[Event "Montcalm III 2008-09"]
[Site "Quebec CAN"]
[Date "2008.11.13"]
[Round "1"]
[White "Caire, Francois"]
[Black "Dube, Daniel"]
[Result "1-0"]
[WhiteElo "2196"]
[BlackElo "1707"]
[PlyCount "33"]
[GameId "2160767910294373"]
[EventDate "2008.11.13"]
[EventType "swiss"]
[EventRounds "5"]
[EventCountry "CAN"]
[SourceTitle "EXT 2011"]
[Source "ChessBase"]
[SourceDate "2011.11.26"]
[SourceVersion "1"]
[SourceVersionDate "2011.11.26"]
[SourceQuality "1"]

1. d4 f5 2. g3 Nf6 3. Bg2 g6 4. c4 d6 5. Nc3 Bg7 6. d5 O-O 7. Nh3 Qe8 8. O-O Na6 9. Rb1 Bd7 10. Nf4 c6 11. b4 Nc7 12. dxc6 bxc6 13. b5 Rb8 14. bxc6 Rxb1 15. cxd7 Rxc1 16. dxe8=Q Rxd1 17. Qxf8+ 1-0

[Event "Montcalm III 2008-09"]
[Site "Quebec CAN"]
[Date "2008.11.13"]
[Round "1"]
[White "Fortier, Bertrand"]
[Black "Drolet, Stephane"]
[Result "0-1"]
[WhiteElo "1624"]
[BlackElo "2096"]
[PlyCount "56"]
[GameId "2160767910294374"]
[EventDate "2008.11.13"]
[EventType "swiss"]
[EventRounds "5"]
[EventCountry "CAN"]
[SourceTitle "EXT 2011"]
[Source "ChessBase"]
[SourceDate "2011.11.26"]
[SourceVersion "1"]
[SourceVersionDate "2011.11.26"]
[SourceQuality "1"]

1. e4 c6 2. d4 g6 3. f4 d5 4. e5 Nh6 5. Nf3 Bg4 6. c3 Qb6 7. Be2 f6 8. O-O Nf7 9. exf6 exf6 10. Qe1 Qc7 11. Bd3+ Be7 12. h3 Bxf3 13. Rxf3 O-O 14. Qg3 Kg7 15. Nd2 Nd7 16. Nf1 Rac8 17. h4 Nd6 18. Re3 Rf7 19. h5 f5 20. hxg6 hxg6 21. Qe1 Nf6 22. Nh2 Nde4 23. Nf3 Bd6 24. Ne5 Rff8 25. Rh3 Rh8 26. Rxh8 Rxh8 27. Bxe4 Nxe4 28. Be3 Qc8 0-1